|
|
|
|
| LEADER |
01741nam a2200409 a 4500 |
| 001 |
EBC3022216 |
| 003 |
MiAaPQ |
| 005 |
20200520144314.0 |
| 006 |
m o d | |
| 007 |
cr cn||||||||| |
| 008 |
130128s2013 nyuad sb 001 0 eng d |
| 010 |
|
|
|z 2012050342
|
| 020 |
|
|
|z 9781624177941
|
| 020 |
|
|
|a 9781624178306 (electronic bk.)
|
| 035 |
|
|
|a (MiAaPQ)EBC3022216
|
| 035 |
|
|
|a (Au-PeEL)EBL3022216
|
| 035 |
|
|
|a (CaPaEBR)ebr10693681
|
| 035 |
|
|
|a (OCoLC)843078308
|
| 040 |
|
|
|a MiAaPQ
|c MiAaPQ
|d MiAaPQ
|
| 050 |
|
4 |
|a HD31
|b .N68 2013
|
| 082 |
0 |
4 |
|a 303.3/3
|2 23
|
| 100 |
1 |
|
|a Novikov, Dmitry.
|
| 245 |
1 |
0 |
|a Theory of control in organizations
|h [electronic resource] /
|c Dmitry Novikov.
|
| 260 |
|
|
|a New York :
|b Nova Publishers,
|c 2013.
|
| 300 |
|
|
|a xvii, 341 p. :
|b ill.
|
| 490 |
1 |
|
|a Management science--theory and applications
|
| 504 |
|
|
|a Includes bibliographical references and index.
|
| 505 |
0 |
|
|a ch. 1. Control in organizations -- ch. 2. Incentive mechanisms -- ch. 3. Planning mechanisms -- ch. 4. Mechanisms of organizing -- ch. 5. Mechanisms of controlling -- ch. 6. Staff control -- ch. 7. Structure control -- ch. 8. Informational control -- ch. 9. Institutional control.
|
| 533 |
|
|
|a Electronic reproduction. Ann Arbor, MI : ProQuest, 2015. Available via World Wide Web. Access may be limited to ProQuest affiliated libraries.
|
| 650 |
|
0 |
|a Organization.
|
| 650 |
|
0 |
|a Management.
|
| 650 |
|
0 |
|a Organizational effectiveness.
|
| 650 |
|
0 |
|a Communication in organizations.
|
| 655 |
|
4 |
|a Electronic books.
|
| 710 |
2 |
|
|a ProQuest (Firm)
|
| 830 |
|
0 |
|a Management science--theory and applications series.
|
| 856 |
4 |
0 |
|u https://ebookcentral.proquest.com/lib/matrademy/detail.action?docID=3022216
|z Click to View
|